Statistiken für Ligat ha'Al (Israel) Top 4

Klicken Sie hier um das Quiz zu spielen!

Allgemein

  • Dieses Quiz wurde 36 mal gespielt
  • Das Durchschnittsergebnis liegt bei 5 aus 14

Antwortstatistiken

Antwort% Korrekt
Maccabi Haifa FC
94%
MK Maccabi Tel Aviv
88%
Hapoel Tel Aviv FC
70%
Beitár Yerushaláyim FC
55%
Hapoel Haifa FC
55%
Hapoel Be'er Scheva AFC
52%
Hapoel Yerushaláyim FC
15%
Ichud Bnei Sakhnin FC
9%
Maccabi Petach Tikwa FC
6%
MK Bne Jehuda Tel Aviv
6%
MS Aschdod
6%
Hapoel I. K. Schmona
3%
Hapoel Petach Tikwa FC
3%
Maccabi Netanja FC
3%

Verteilung der Resultate

Perzentil nach korrekt beantworteten Fragen

Anzahl Personen mit jedem Resultat

Ihre Resultats-Entwicklung

Sie haben dieses Quiz noch nicht gespielt